[Event "Challenge"]
[Site "http://www.queenalice.com/game.php?id=266352"]
[Date "2007.9.3"]
[Round "-"]
[White "rockrodrigues"]
[Black "Eduardomoreto67"]
[Result "1-0"]
[WhiteElo "1785"]
[BlackElo "1870"]

1. b4 e5 2. a3 d5 3. d3 Nf6 4. Bb2 d4 5. Nf3 Bd6 6. e4 O-O 7. Be2 Be6 8. Nbd2 h6
9. h3 Nbd7 10. Nc4 Bxc4 11. dxc4 c5 12. b5 a6 13. a4 b6 14. Bd3 Re8 15. c3 Nf8
16. O-O Ng6 17. g3 Nd7 18. cxd4 cxd4 19. Nh2 Nc5 20. Qe2 Nxd3 21. Qxd3 Qd7 22.
Ba3 Qxh3 23. Bxd6 Nf4 24. Qf3 Ng6 25. Qg4 Qxg4 26. Nxg4 axb5 27. cxb5 Ra7 28.
Rfc1 Re6 29. Rc6 h5 30. Nh2 Rb7 31. Nf3 f6 32. Rc7 Rxc7 33. Bxc7 Ne7 34. a5 bxa5
35. b6 Nc6 36. Nd2 Kf7 37. Nc4 Ke7 38. Nxa5 Nxa5 39. Rxa5 Kd7 40. Ra6 Rc6 41.
Ra5 Rc1+ 42. Kg2 Rb1 43. Ra2 g5 44. f4 gxf4 45. gxf4 exf4 46. Kf3 Rf1+ 47. Rf2
Re1 48. Kxf4 1-0

[Event "Challenge"]
[Site "http://www.queenalice.com/game.php?id=267298"]
[Date "2007.9.5"]
[Round "-"]
[White "rockrodrigues"]
[Black "ulisses34"]
[Result "1-0"]
[WhiteElo "1781"]
[BlackElo "1471"]

1. e4 Nf6 2. d3 e5 3. Nf3 d6 4. Nc3 h6 5. h3 Rg8 6. Be2 g5 7. Nh2 d5 8. exd5
Nxd5 9. Ng4 Bxg4 10. Bxg4 Bb4 11. Bd2 Nc6 12. Nxd5 Qxd5 13. Bf3 e4 14. Bxe4 Qe5
15. O-O Qc5 16. c3 Ba5 17. b4 Nxb4 18. cxb4 Bxb4 19. Bxb4 Qxb4 20. Rb1 Qd4 21.
Bxb7 Rd8 22. Qe1+ Kd7 23. Qe4 Qd6 24. Qd5 f5 25. Qxf5+ Qe6 26. Qxe6+ Kxe6 27.
Ba6 Kf6 28. Rb7 Rd6 29. Rxa7 c5 30. Bc4 Rb8 31. Ra6 Rbb6 32. Rxb6 Rxb6 33. Re1
Kf5 34. Re2 h5 35. g3 h4 36. Kg2 g4 37. hxg4+ Kxg4 38. Re4+ Kf5 39. Rxh4 Rg6 40.
Rh5+ Kg4 41. Rxc5 Rh6 42. a4 Rf6 43. a5 Rf8 44. a6 Ra8 45. Be6# 1-0

[Event "Challenge"]
[Site "http://www.queenalice.com/game.php?id=293455"]
[Date "2007.10.26"]
[Round "-"]
[White "Mike36bh"]
[Black "rockrodrigues"]
[Result "0-1"]
[WhiteElo "1735"]
[BlackElo "1806"]

1. d4 e6 2. e4 c5 3. Nf3 cxd4 4. Qxd4 Nc6 5. Qd1 Be7 6. a3 d6 7. Nc3 a6 8. Bd3
Nf6 9. h3 h6 10. Bf4 e5 11. Be3 b5 12. O-O Bb7 13. Nd5 Nxd5 14. exd5 Na7 15. c4
bxc4 16. Bxc4 O-O 17. Qc2 f5 18. b4 Qd7 19. a4 Kh8 20. Qd1 Rfc8 21. Qc2 Bxd5 22.
Nd2 Bxc4 23. Nxc4 Qc7 24. Rac1 f4 25. Bb6 Qd7 26. Qb3 Nc6 27. b5 Nd8 28. Bxd8
Bxd8 29. b6 Rab8 30. a5 Rc5 31. Qb2 Qc6 32. Qc3 Rc8 33. b7 Qxb7 34. Nxd6 Rxc3
35. Rxc3 Qd5 36. Nxc8 Bxa5 37. Ne7 Qe6 38. Rc5 Bb4 39. Rc8+ Kh7 40. Nc6 Qxc8 41.
Nxb4 Qc4 42. Nxa6 Qxa6 43. f3 g5 44. Re1 Qa4 45. Kh2 Qd4 46. Re4 Qd6 47. h4 Kg6
48. Kh3 Qe6+ 49. g4 gxh4 50. Kxh4 Qb3 51. Rxe5 Qxf3 52. Re6+ Kf7 53. Rxh6 Qh1+
54. Kg5 Qxh6+ 55. Kxh6 f3 56. g5 f2 57. Kh7 f1=Q 58. g6+ Kf6 59. g7 Qg1 60.
g8=N+ Kf7 61. Nh6+ Kf8 62. Nf5 Qg5 0-1

[Event "Challenge"]
[Site "http://www.queenalice.com/game.php?id=297466"]
[Date "2007.11.3"]
[Round "-"]
[White "rockrodrigues"]
[Black "Mike36bh"]
[Result "1-0"]
[WhiteElo "1819"]
[BlackElo "1759"]

1. e4 e5 2. Nf3 d6 3. d4 Bg4 4. dxe5 Bxf3 5. Qxf3 dxe5 6. Bc4 Nf6 7. Bg5 h6 8.
Bh4 Be7 9. Nc3 Nc6 10. O-O g5 11. Bg3 Nd4 12. Qd3 Bd6 13. f3 h5 14. Rad1 h4 15.
Bf2 Bc5 16. Ne2 g4 17. Nxd4 exd4 18. e5 Nd5 19. Bxd4 Nf4 20. Qe4 Bxd4+ 21. Rxd4
Qe7 22. Qxf4 gxf3 23. Rxf3 Rh7 24. Qf6 Qxf6 25. exf6 a6 26. Re3+ Kf8 27. Rd7 b5
28. Bd5 Rc8 29. Ree7 b4 30. Rxf7+ Rxf7 31. Rxf7+ Ke8 32. Rh7 c6 33. Rh8+ Kd7 34.
Rxc8 Kxc8 35. f7 1-0

[Event "Challenge"]
[Site "http://www.queenalice.com/game.php?id=298482"]
[Date "2007.11.5"]
[Round "-"]
[White "nandocassapava"]
[Black "rockrodrigues"]
[Result "0-1"]
[WhiteElo "1612"]
[BlackElo "1833"]

1. e4 c5 2. a3 Nc6 3. Bc4 Ne5 4. Ba2 e6 5. Ne2 Be7 6. O-O Nf6 7. f4 Nc6 8. f5 e5
9. Nbc3 a6 10. d3 b5 11. Qe1 Bb7 12. Nd5 Nd4 13. c3 Nc2 14. Qd2 Nxa1 15. b4 Nxd5
16. exd5 f6 17. Qb2 cxb4 18. Qxa1 bxa3 19. d4 d6 20. dxe5 fxe5 21. Qb1 O-O 22.
Bd2 a5 23. Qe1 Bg5 24. Rf3 Qb6+ 25. Kh1 Bxd2 26. Qxd2 Qc5 27. Ng3 b4 28. Ne4 Qb6
29. Qf2 Qxf2 30. Rxf2 Ra6 31. c4 a4 32. c5 b3 33. Nxd6 Bxd5 0-1

[Event "Challenge"]
[Site "http://www.queenalice.com/game.php?id=308354"]
[Date "2007.11.22"]
[Round "-"]
[White "nandocassapava"]
[Black "rockrodrigues"]
[Result "1-0"]
[WhiteElo "1620"]
[BlackElo "1840"]

1. e3 c5 2. Nf3 Nc6 3. Bb5 e6 4. Nc3 a6 5. Bxc6 bxc6 6. O-O Be7 7. e4 Nf6 8. e5
Nd5 9. Ne4 O-O 10. d3 f6 11. c4 Nc7 12. exf6 Bxf6 13. Nxc5 d6 14. Ne4 d5 15.
Nxf6+ Qxf6 16. Qb3 dxc4 17. Qxc4 Bb7 18. Bg5 Qf5 19. Rae1 Rfe8 20. Re5 Qf7 21.
Qg4 Kh8 22. Rfe1 c5 23. Rxc5 Bxf3 24. Qxf3 Qxf3 25. gxf3 Nb5 26. Kg2 h6 27. Be3
Kg8 28. Rc6 Kf7 29. a4 Na7 30. Rxa6 Re7 31. b4 Rb8 32. Bc5 Rd7 33. Rexe6 Nc8 34.
d4 Ne7 35. Rxe7+ Rxe7 36. Bxe7 Kxe7 37. b5 Rb7 38. h3 Rd7 39. Rg6 Rxd4 40. Rxg7+
Kd6 41. Rg4 Rd5 42. Rg6+ Kc5 43. Rxh6 Kb4 44. Ra6 Rg5+ 45. Kh2 Kc3 46. b6 Kd2
47. b7 Ke2 48. b8=Q Kxf2 49. Qb2+ Kxf3 50. Re6 1-0

[Event "Challenge"]
[Site "http://www.queenalice.com/game.php?id=425842"]
[Date "2008.7.1"]
[Round "-"]
[White "iwanikow"]
[Black "rockrodrigues"]
[Result "0-1"]
[WhiteElo "1766"]
[BlackElo "1815"]

1. e4 c5 2. d3 Nc6 3. Nf3 e6 4. Be2 Be7 5. O-O Nd4 6. c3 Nxe2+ 7. Qxe2 b6 8.
Nbd2 d6 9. c4 Nf6 10. b3 h6 11. Bb2 e5 12. a4 a5 13. Nh4 Ng4 14. Nf5 Bxf5 15.
exf5 h5 16. Qe4 Qc8 17. f3 Nf6 18. Qe1 Qxf5 19. Qg3 g5 20. Ne4 Nxe4 21. fxe4 Qg6
22. Rf2 O-O-O 23. Raf1 f6 24. Bc1 g4 25. Qe3 h4 26. g3 hxg3 27. Qxg3 Rh3 28. Qg2
Rdh8 29. Bf4 exf4 30. Rxf4 g3 0-1

[Event "Challenge"]
[Site "http://www.queenalice.com/game.php?id=650972"]
[Date "2009.9.12"]
[Round "-"]
[White "fernando1971"]
[Black "rockrodrigues"]
[Result "1-0"]
[WhiteElo "2341"]
[BlackElo "1829"]

1. d4 e6 2. e4 c5 3. d5 Bd6 4. Nf3 Qc7 5. Na3 a6 6. Nc4 b5 7. dxe6 bxc4 8. exf7+
Kxf7 9. Bxc4+ Ke7 10. Qd5 Nf6 11. Qf7+ Kd8 12. Qxg7 Rf8 13. Bg5 Qb6 14. Bxf6+
Kc7 15. e5 Kb7 16. O-O-O Bc7 17. Qxf8 Nc6 18. Rd5 Nb4 19. c3 Nxd5 20. Bxd5+ 1-0

[Event "Challenge"]
[Site "http://www.queenalice.com/game.php?id=653880"]
[Date "2009.9.17"]
[Round "-"]
[White "rockrodrigues"]
[Black "thedead"]
[Result "1-0"]
[WhiteElo "1827"]
[BlackElo "1300"]

1. e4 e5 2. Nf3 Nc6 3. Bb5 a6 4. Bxc6 dxc6 5. O-O Bd6 6. h3 c5 7. Na3 Be6 8. c4
c6 9. b3 Qc7 10. Bb2 Ne7 11. Nh4 O-O-O 12. Nf5 Nxf5 13. exf5 Bxf5 14. Nc2 Rhe8
15. Ne3 Bg6 16. Re1 f6 17. a3 Re7 18. Bc3 Red7 19. b4 Bf7 20. Qc2 Bg6 21. Qb3
cxb4 22. axb4 Bf7 23. Qa4 Bf8 24. b5 cxb5 25. cxb5 axb5 26. Qxb5 g6 27. Ra8+ 1-0

[Event "Challenge"]
[Site "http://www.queenalice.com/game.php?id=659083"]
[Date "2009.9.27"]
[Round "-"]
[White "rockrodrigues"]
[Black "thedead"]
[Result "0-1"]
[WhiteElo "1829"]
[BlackElo "1460"]

1. e4 d5 2. exd5 e5 3. c4 Nf6 4. Be2 Bc5 5. d3 c6 6. dxc6 Nxc6 7. h3 Qb6 8. Be3
Bxe3 9. fxe3 Qxe3 10. Qd2 Qg3+ 11. Kd1 Be6 12. Nc3 O-O 13. Bf3 Rad8 14. Nge2 Qg6
15. Kc2 Nb4+ 16. Kb3 Nxd3 17. Qe3 b6 18. Na4 b5 19. Nc5 Nxc5+ 20. Qxc5 Bxc4+ 21.
Kb4 e4 22. Bg4 Nxg4 23. hxg4 Qxg4 0-1

[Event "Challenge"]
[Site "http://www.queenalice.com/game.php?id=680989"]
[Date "2009.11.10"]
[Round "-"]
[White "rockrodrigues"]
[Black "nandocassapava"]
[Result "0-1"]
[WhiteElo "1799"]
[BlackElo "2059"]

1. e4 e5 2. Be2 Nf6 3. d3 Bc5 4. h3 O-O 5. Nf3 Re8 6. Bg5 h6 7. Bh4 Qe7 8. Bg3
Qd6 9. c3 Nh5 10. Bxe5 Qb6 11. d4 Bd6 12. b3 f6 13. Bxd6 cxd6 14. Bc4+ Kh8 15.
O-O Nf4 16. Nbd2 Qa5 17. Nh2 Qxc3 18. Ndf3 Rxe4 19. Re1 d5 20. Bxd5 Rxe1+ 21.
Qxe1 Nxd5 22. Qe8+ Kh7 23. Re1 Qc2 24. g3 Na6 25. Ng4 d6 26. Ne3 Nxe3 27. Rxe3
Nb4 28. Nh4 Nc6 29. Re4 Bf5 30. Qxa8 Bxe4 31. Qxb7 Qd1+ 32. Kh2 Qh1# 0-1

[Event "Challenge"]
[Site "http://www.queenalice.com/game.php?id=697089"]
[Date "2009.12.12"]
[Round "-"]
[White "nandocassapava"]
[Black "rockrodrigues"]
[Result "1-0"]
[WhiteElo "2038"]
[BlackElo "1793"]

1. Nf3 c5 2. e4 Nc6 3. Bb5 e5 4. d3 Be7 5. Bxc6 bxc6 6. Nxe5 Nf6 7. Bf4 Bb7 8.
Nc3 d6 9. Ng4 Nxg4 10. Qxg4 h5 11. Qxg7 Rf8 12. Bh6 Qd7 13. Qh7 O-O-O 14. Bxf8
Bxf8 15. Qxh5 Bg7 16. h4 Bxc3+ 17. bxc3 Rg8 18. g3 Ba6 19. Qf5 c4 20. Qxd7+ Kxd7
21. Kd2 Ke6 22. h5 d5 23. Rae1 1-0

[Event "Challenge"]
[Site "http://www.queenalice.com/game.php?id=716067"]
[Date "2010.1.18"]
[Round "-"]
[White "iwanikow"]
[Black "rockrodrigues"]
[Result "1-0"]
[WhiteElo "1798"]
[BlackElo "1787"]

1. e4 c5 2. d3 Nc6 3. Nf3 e5 4. Be2 Nf6 5. O-O Be7 6. c4 d6 7. Be3 Ng4 8. Bg5
Bxg5 9. Nxg5 Qxg5 10. Nc3 O-O 11. Nd5 Be6 12. Nc7 Nd4 13. Nxa8 Nxe2+ 14. Qxe2
Rxa8 15. f3 Nf6 16. Rf2 h5 17. Raf1 h4 18. f4 exf4 19. Rxf4 Nh5 20. R4f3 Ng3 21.
hxg3 hxg3 22. Qe3 Rf8 23. Qxg5 1-0

[Event "Challenge"]
[Site "http://www.queenalice.com/game.php?id=737672"]
[Date "2010.2.25"]
[Round "-"]
[White "rockrodrigues"]
[Black "nandocassapava"]
[Result "1-0"]
[WhiteElo "1778"]
[BlackElo "2051"]

1. e4 e5 2. Nf3 Nf6 3. d3 Nc6 4. Bd2 Bc5 5. Be2 O-O 6. h3 Re8 7. Nc3 a6 8. a3 b5
9. Bg5 Nd4 10. Nxd4 Bxd4 11. Nd5 h6 12. Nxf6+ gxf6 13. Bxh6 Bxb2 14. Bh5 Kh7 15.
Bxf7 Rf8 16. Bxf8 1-0

[Event "Challenge"]
[Site "http://www.queenalice.com/game.php?id=737673"]
[Date "2010.2.25"]
[Round "-"]
[White "rockrodrigues"]
[Black "iwanikow"]
[Result "0-1"]
[WhiteElo "1813"]
[BlackElo "1873"]

1. e4 e5 2. Nf3 d6 3. d4 exd4 4. Nxd4 c5 5. Bb5+ Bd7 6. Bxd7+ Nxd7 7. Nf5 g6 8.
Nxd6+ Bxd6 9. Qxd6 Ne7 10. O-O O-O 11. Rd1 Ne5 12. Qxd8 Raxd8 13. Nc3 Rxd1+ 14.
Nxd1 Rd8 15. Bg5 Rd7 16. Ne3 N7c6 17. f4 Nd3 18. cxd3 Rxd3 19. Nd5 Nd4 20. b4 c4
21. Bf6 c3 22. Nxc3 Nc2 23. Rb1 Ne3 24. h3 Rd2 25. g4 Ng2 26. Rc1 Nxf4 27. Ne2
Nxe2+ 0-1

[Event "Challenge"]
[Site "http://www.queenalice.com/game.php?id=744694"]
[Date "2010.3.11"]
[Round "-"]
[White "colatina"]
[Black "rockrodrigues"]
[Result "0-1"]
[WhiteElo "1599"]
[BlackElo "1805"]

1. e4 c5 2. Nf3 Nc6 3. Nc3 e6 4. d4 Be7 5. Bg5 Bxg5 6. Nxg5 Qxg5 7. Nb5 Kd8 8.
dxc5 Qxc5 9. a4 Nf6 10. Qd6 Qb4+ 11. c3 Qxd6 12. Nxd6 Ke7 13. Rd1 a5 14. f4 b6
15. e5 Nd5 16. Nxc8+ Rhxc8 17. Bd3 Nxf4 18. g3 Nxd3+ 19. Rxd3 Nxe5 20. Rd1 Rc4
21. O-O Rxa4 22. Rde1 Nd3 23. Re2 Ra2 24. Rb1 a4 25. Rd2 Ne5 26. Kg2 a3 27. Kh3
Nc4 28. Rg2 axb2 29. Kh4 Ra1 30. Rgg1 Rxb1 31. Rxb1 Ra1 0-1

[Event "Challenge"]
[Site "http://www.queenalice.com/game.php?id=761253"]
[Date "2010.4.15"]
[Round "-"]
[White "iwanikow"]
[Black "rockrodrigues"]
[Result "0-1"]
[WhiteElo "1759"]
[BlackElo "1857"]

1. e4 c5 2. c4 Nc6 3. Nf3 e6 4. d3 Be7 5. Be2 Nd4 6. Nxd4 cxd4 7. Nd2 Bh4 8. Nf3
d6 9. Nxd4 Qb6 10. Be3 Qxb2 11. O-O Bf6 12. Nc2 Ne7 13. a3 d5 14. cxd5 exd5 15.
Rb1 Qe5 16. exd5 Nxd5 17. d4 Qc7 18. Bd3 Nc3 19. Qd2 Nxb1 20. Qe1 Nc3 21. Bd2+
Be6 22. Bf5 O-O-O 23. Bxe6+ fxe6 24. Bxc3 Rde8 25. Ne3 h5 26. Qd2 Kb8 27. Rc1
Rc8 28. f3 Rhd8 29. Bb2 Qf4 30. Rxc8+ Kxc8 31. Qc3+ Kb8 32. Nc2 e5 33. Qc5 exd4
34. Qxh5 d3 35. Bxf6 gxf6 36. g3 Qc1+ 37. Kg2 Qxc2+ 38. Kh3 d2 0-1

[Event "Challenge"]
[Site "http://www.queenalice.com/game.php?id=761899"]
[Date "2010.4.16"]
[Round "-"]
[White "rockrodrigues"]
[Black "iwanikow"]
[Result "1-0"]
[WhiteElo "1830"]
[BlackElo "1788"]

1. e4 c5 2. Nf3 d6 3. e5 dxe5 4. Nxe5 e6 5. Qf3 Nf6 6. Bb5+ Bd7 7. Qxb7 Bxb5 8.
Qxa8 Bd6 9. Nc3 Bxe5 10. Nxb5 O-O 11. Qxa7 Nc6 12. Qxc5 Qd7 13. a4 Ne4 14. Qe3
Nf6 15. c3 Nd5 16. Qc5 Rc8 17. Qa3 Nf4 18. d4 Bf6 19. Bxf4 e5 20. Qd6 Qxd6 21.
Nxd6 Rd8 22. dxe5 Nxe5 23. O-O Rxd6 24. Bxe5 Bxe5 25. Rad1 Rxd1 26. Rxd1 g6 27.
a5 1-0

[Event "Challenge"]
[Site "http://www.queenalice.com/game.php?id=761901"]
[Date "2010.4.16"]
[Round "-"]
[White "rockrodrigues"]
[Black "iwanikow"]
[Result "1-0"]
[WhiteElo "1844"]
[BlackElo "1772"]

1. a4 c5 2. e4 e5 3. Be2 Be7 4. Nf3 d6 5. Nc3 Nf6 6. h3 O-O 7. Nd5 Nxe4 8. Nxe7+
Qxe7 9. d3 Nf6 10. Bg5 Nbd7 11. Nh2 Nb6 12. O-O Bd7 13. b3 Nbd5 14. Bf3 Rab8 15.
Bxd5 h6 16. Bxf6 Qxf6 17. Qf3 Qxf3 18. Nxf3 Bc6 19. Bxc6 bxc6 20. Nd2 d5 21. f4
f6 22. fxe5 fxe5 23. Rxf8+ Rxf8 24. Rf1 Rxf1+ 25. Kxf1 g5 26. Kf2 Kf7 27. Nf3
Kf6 28. Kg3 e4 29. dxe4 dxe4 30. Nd2 Ke5 31. Nf1 Kd4 32. Kf2 Kc3 33. Ne3 a5 34.
Ke2 h5 35. g3 h4 36. gxh4 gxh4 37. Kd1 Kd4 38. Kd2 Ke5 39. Nc4+ 1-0

[Event "Challenge"]
[Site "http://www.queenalice.com/game.php?id=761902"]
[Date "2010.4.16"]
[Round "-"]
[White "iwanikow"]
[Black "rockrodrigues"]
[Result "0-1"]
[WhiteElo "1859"]
[BlackElo "1812"]

1. e4 c5 2. c4 e6 3. d3 Nc6 4. Nf3 Be7 5. Be2 d6 6. O-O Nd4 7. Be3 Nxe2+ 8. Qxe2
e5 9. Nc3 Bg4 10. Rab1 Nf6 11. Nd5 Nxd5 12. cxd5 O-O 13. b4 cxb4 14. Rxb4 b6 15.
d4 f5 16. exf5 e4 17. h3 exf3 18. gxf3 Bxh3 19. Re1 Rxf5 20. Kh2 Rh5 21. Rg1
Bf1+ 0-1

[Event "Challenge"]
[Site "http://www.queenalice.com/game.php?id=767509"]
[Date "2010.4.28"]
[Round "-"]
[White "ORNELAS"]
[Black "rockrodrigues"]
[Result "0-1"]
[WhiteElo "1736"]
[BlackElo "1799"]

1. b3 e5 2. Bb2 d6 3. d3 c5 4. g3 Nf6 5. Bg2 Be7 6. c4 Na6 7. Nd2 Rb8 8. Bc3 b5
9. cxb5 Nc7 10. Bc6+ Bd7 11. a4 Bxc6 12. bxc6 Rb6 13. e4 Rxc6 14. Ngf3 Ne6 15.
Nc4 O-O 16. Na5 Rc8 17. Nb7 Qb6 18. Na5 Rb8 19. Rb1 Nd7 20. O-O Nc7 21. Nd2 d5
22. Qg4 Nf6 23. Qf5 d4 24. Ndc4 Qe6 25. Qxe6 Nxe6 26. Nxe5 dxc3 27. Nac6 Rb7 28.
Nxe7+ Rxe7 29. Rfc1 Nd4 30. Rxc3 Rxe5 31. Rc4 Rb8 32. b4 Rxb4 33. Rbxb4 Ne2+ 34.
Kg2 cxb4 35. Rxb4 Kf8 36. Rb8+ Ne8 37. Kf1 Nc3 38. Rb7 Ra5 39. Kg2 Rxa4 40. Rd7
Nb5 41. e5 Rd4 42. Rb7 a6 43. Rb6 Nec7 44. Rb8+ Ke7 45. Rg8 g6 46. Rh8 h5 47. h4
Rxd3 48. Kf1 a5 49. Rb8 a4 50. Ke2 Rc3 51. Kd2 a3 52. Rb7 a2 53. Rxc7+ Rxc7 54.
f4 a1=Q 55. Ke3 Qd4+ 56. Kf3 Rc2 57. g4 Rc3+ 58. Kg2 Qd2+ 0-1